Trainspotting (Record n. 99204)

Dettagli MARC
000 -LEADER
fixed length control field 03271njm a2200505Ia 4500
001 - CONTROL NUMBER
control field F0020
003 - CONTROL NUMBER IDENTIFIER
control field IT-RoPAU
005 - DATE AND TIME OF LATEST TRANSACTION
control field 20220918181114.0
008 - FIXED-LENGTH DATA ELEMENTS--GENERAL INFORMATION
fixed length control field 131025s9999 xx 000 0 und d
040 ## - CATALOGING SOURCE
Original cataloging agency IT-RoPAU
040 ## - CATALOGING SOURCE
Transcribing agency IT-RoPAU
041 ## - LANGUAGE CODE
Language code of text/sound track or separate title INGLESE
999 ## - SYSTEM CONTROL NUMBERS (KOHA)
Koha Dewey Subclass [OBSOLETE] n.d.
100 ## - MAIN ENTRY--PERSONAL NAME
Personal name AA.VV.
9 (RLIN) 794
100 ## - MAIN ENTRY--PERSONAL NAME
Relator term Autore musica
9 (RLIN) 32082
100 ## - MAIN ENTRY--PERSONAL NAME
Miscellaneous information Codice autore musica SPICS: 12000
9 (RLIN) 796
245 ## - TITLE STATEMENT
Title Trainspotting
250 ## - EDITION STATEMENT
Edition statement 1a ed.
260 ## - PUBLICATION, DISTRIBUTION, ETC. (IMPRINT)
Place of publication, distribution, etc. ENGLAND
260 ## - PUBLICATION, DISTRIBUTION, ETC. (IMPRINT)
Name of publisher, distributor, etc. EMI RECORDS
Date of publication, distribution, etc. 1996 [1a Ed.:1996 - Ed. Lingua Orig.: 1996]
300 ## - PHYSICAL DESCRIPTION
Extent COMPACT DISC
300 ## - PHYSICAL DESCRIPTION
Dimensions 76 minuti (Testo: pag.)
500 ## - GENERAL NOTE
General note Colonna sonora del film omonimo.
505 ## - FORMATTED CONTENTS NOTE
Formatted contents note Lust For Life [(Iggy Pop) (6:00)] - Deep Blue Day [(Eno Brian) (6:00)] - Trainspotting [(Primal Scream) (11:00)] - Atomic [(Sleeper) (6:00)] - Temptation [(New Order) (7:00)] - Nightclubbing [(Iggy Pop) (5:00)] - Sing [(Blur) (6:00)] - Perfect Day [(Reed Lou) (4:00)] - Mile End [(Pulp) (5:00)] - For What You Dream of [(Full On Reinassance Mix) (Kyo) (7:00)] - 2:1 [(Elastica) (3:00)] - A Final Hit [(Leftfield) (4:00)] - Born Slippy [(Nuxx) (Underworld) (6:00)] - Closet Romantic [(Albarn Damon) (4:00)]
650 ## - SUBJECT ADDED ENTRY--TOPICAL TERM
Topical term or geographic name as entry element COLONNA SONORA [COMPACT DISC]
Relator term Codice MATERIA SPICS: 9949
9 (RLIN) 32083
700 ## - ADDED ENTRY--PERSONAL NAME
Personal name Bowie David
Dates associated with a name Codice autore musica SPICS: 8891
Relator term Autore musica
Name of part/section of a work Lust For Life - Nightclubbing
9 (RLIN) 32084
700 ## - ADDED ENTRY--PERSONAL NAME
Personal name Iggy Pop
Dates associated with a name Codice autore testo/musica SPICS: 49871
Relator term Autore testo/musica
Name of part/section of a work Lust For Life - Nightclubbing
9 (RLIN) 32085
700 ## - ADDED ENTRY--PERSONAL NAME
Personal name Eno Brian
Dates associated with a name Codice autore musica SPICS: 11870
Relator term Autore musica
Name of part/section of a work Deep Blue Day
9 (RLIN) 32086
700 ## - ADDED ENTRY--PERSONAL NAME
Personal name Lanois Daniel
Dates associated with a name Codice autore testo/musica SPICS: 13126
Relator term Autore testo/musica
Name of part/section of a work Deep Blue Day
9 (RLIN) 32087
700 ## - ADDED ENTRY--PERSONAL NAME
Personal name Primal Scream
Dates associated with a name Codice autore testo/musica SPICS: 49881
Relator term Autore testo/musica
Name of part/section of a work Trainspotting
9 (RLIN) 32088
700 ## - ADDED ENTRY--PERSONAL NAME
Personal name Harry Deborah
Dates associated with a name Codice autore musica SPICS: 28375
Relator term Autore musica
Name of part/section of a work Atomic
9 (RLIN) 32089
700 ## - ADDED ENTRY--PERSONAL NAME
Personal name Destri Jimmy
Dates associated with a name Codice autore testo/musica SPICS: 49883
Relator term Autore testo/musica
Name of part/section of a work Atomic
9 (RLIN) 32090
700 ## - ADDED ENTRY--PERSONAL NAME
Personal name New Order
Dates associated with a name Codice autore testo/musica SPICS: 49884
Relator term Autore musica
Name of part/section of a work Temptation
9 (RLIN) 32091
700 ## - ADDED ENTRY--PERSONAL NAME
Personal name Blur
Dates associated with a name Codice autore testo/musica SPICS: 49885
Relator term Autore testo/musica
Name of part/section of a work Sing
9 (RLIN) 32092
700 ## - ADDED ENTRY--PERSONAL NAME
Personal name Reed Lou
Dates associated with a name Codice autore testo/musica SPICS: 13226
Relator term Autore testo/musica
Name of part/section of a work Perfect Day
9 (RLIN) 32093
700 ## - ADDED ENTRY--PERSONAL NAME
Personal name Pulp
Dates associated with a name Codice autore testo/musica SPICS: 49886
Relator term Autore testo/musica
Name of part/section of a work Mile End
9 (RLIN) 32094
700 ## - ADDED ENTRY--PERSONAL NAME
Personal name Muir Nick
Dates associated with a name Codice autore musica SPICS: 49888
Relator term Autore musica
Name of part/section of a work For What You Dream of (Full On Reinassance Mix)
9 (RLIN) 32095
700 ## - ADDED ENTRY--PERSONAL NAME
Personal name Digweed John
Dates associated with a name Codice autore testo/musica SPICS: 49889
Relator term Autore testo(musica
Name of part/section of a work For What You Dream of (Full On Reinassance Mix)
9 (RLIN) 32096
700 ## - ADDED ENTRY--PERSONAL NAME
Personal name Elastica
Dates associated with a name Codice autore musica SPICS: 49678
Relator term Autore musica
Name of part/section of a work 2:1
9 (RLIN) 32097
700 ## - ADDED ENTRY--PERSONAL NAME
Personal name Matthews Donna
Dates associated with a name Codice autore testo/musica SPICS: 49891
Relator term Autore testo/musica
Name of part/section of a work 2:1
9 (RLIN) 32098
700 ## - ADDED ENTRY--PERSONAL NAME
Personal name Daley Barnes
Dates associated with a name Codice autore testo/musica SPICS: 49893
Relator term Autore testo/musica
Name of part/section of a work A Final Hit
9 (RLIN) 32099
700 ## - ADDED ENTRY--PERSONAL NAME
Personal name Underworld
Dates associated with a name Codice autore testo/musica SPICS: 49894
Relator term Autore testo/musica
Name of part/section of a work Born Slippy (Nuxx)
9 (RLIN) 32100
700 ## - ADDED ENTRY--PERSONAL NAME
Personal name Albarn Damon
Dates associated with a name Codice autore testo/musica SPICS: 49895
Relator term Autore testo/musica
Name of part/section of a work Closet Romantic
9 (RLIN) 32101
942 ## - ADDED ENTRY ELEMENTS (KOHA)
Koha item type CD AUDIO
Source of classification or shelving scheme Dewey Decimal Classification
Dati di copia
Withdrawn status Lost status Damaged status Not for loan Home library Current library Date acquired Total Checkouts Full call number Date last seen Price effective from Koha item type Public note
    Buone Condizioni Not For Loan SPICS-MEDIATECA SPICS-MEDIATECA 25/10/2013   F0020 25/10/2013 25/10/2013 CD AUDIO Progr. Ins.: 2932 / N.Vol.: 1 / Copie: 1 - Copia rara: n.d. / date import: 01.01.2014 - By Epidotti, Trombetti, Vaglietti
CREDITS: SOCIETA' SAN PAOLO Via A.Severo, 58 - ROMA (RM) & PERIODICI SAN PAOLO SRL Via Giotto, 36 MILANO & CISF Via Giotto, 36 MILANO & EDIZIONI SAN PAOLO SRL,  Piazza Soncino, 5 CINISELLO BALSAMO (MI) -- ITALY